Dades actualitzades sobre els incendis forestals més importants de l’estiu de 1998
Publicado:
Barcelona :
Diputació de Barcelona. Oficina Tècnica Municipal de Prevenció d'Incendis Forestals ,
1999
Descripción Física:
1 f. : col. ; 59 x 41 cm plegat a 30 x 20 cm
Materias:
Incendis forestals -- Catalunya
MARC
| LEADER | 00000nam a2200000Ia 4500 | ||
|---|---|---|---|
| 001 | 23762 | ||
| 008 | 160829s1999 xx 000 0 cat d | ||
| 080 | |a FU-60-28 | ||
| 245 | |a Dades actualitzades sobre els incendis forestals més importants de l’estiu de 1998 | ||
| 260 | |a Barcelona : |b Diputació de Barcelona. Oficina Tècnica Municipal de Prevenció d'Incendis Forestals, |c 1999 | ||
| 300 | |a 1 f. : |b col. ; |c 59 x 41 cm plegat a 30 x 20 cm | ||
| 650 | 0 | |a Incendis forestals |x Catalunya |9 30778 | |
| 710 | |a Barcelona (Catalunya : Província). |b Oficina Tècnica de Prevenció Municipal d'Incendis Forestals |9 9456 | ||
| 901 | |a Arxiu | ||
| 942 | |n 1 | ||
| 952 | |0 0 |1 0 |4 0 |6 FU6028 |7 1 |9 55466 |a Arxiu |b Arxiu |d 2016-12-01 |l 0 |o FU-60-28 |p 23762 |r 2016-12-01 00:00:00 |w 2016-12-01 |y ARXIU | ||
| 999 | |c 59339 |d 59339 | ||